[Event "DEM U14w 2012"]
[Site "Oberhof GER"]
[Date "2012.06.02"]
[Round "9"]
[White "Manusina, Nicole"]
[Black "Zahn, Alina"]
[Result "1/2-1/2"]
[Termination "normal"]
[Board "3"]
[WhiteElo "1783"]
[BlackElo "1773"]
[PlyCount "84"]
[WhiteFideId "24657514"]
[BlackFideId "24696730"]
[EventCountry "GER"]
[EventRounds "9"]
[EventType "swiss"]
[EventDate "2012.05.26"]

1. d4 Nf6 2. c4 e6 3. Nc3 Bb4 4. e3 d5 5. Bd3 a6 6. Nge2 dxc4 7. Bxc4 b5 8. Bd3
Bb7 9. O-O O-O 10. a3 Bxc3 11. bxc3 c5 12. f3 c4 13. Bc2 Nbd7 14. e4 h6 15. Qe1
e5 16. d5 Nh7 17. Ng3 Kh8 18. Nf5 Qf6 19. f4 Rae8 20. Qg3 Rg8 21. fxe5 Nxe5 22.
d6 Qe6 23. Bf4 Nd3 24. Bxd3 cxd3 25. Ne7 Rgf8 26. Be5 f6 27. Ng6+ Kg8 28. Nxf8
Rxf8 29. Bf4 Ng5 30. Bxg5 hxg5 31. Qxd3 Rd8 32. Rad1 Bc6 33. Qd4 Rd7 34. Rfe1
Qg4 35. h3 Qe6 36. e5 f5 37. Qc5 Bb7 38. Rd4 Qa2 39. Rde4 fxe4 40. Qe3 Qe6 41.
Qxg5 Bd5 42. Rf1 Bc6 1/2-1/2

[Event "DEM U14w 2012"]
[Site "Oberhof GER"]
[Date "2012.06.02"]
[Round "9"]
[White "Fesselier, Melissa"]
[Black "Schwarz, Larissa"]
[Result "1/2-1/2"]
[Termination "normal"]
[Board "4"]
[WhiteElo "1624"]
[BlackElo "1875"]
[PlyCount "42"]
[WhiteFideId "20689284"]
[BlackFideId "24699004"]
[EventCountry "GER"]
[EventRounds "9"]
[EventType "swiss"]
[EventDate "2012.05.26"]

1. e4 c5 2. c3 Nf6 3. e5 Nd5 4. d4 cxd4 5. cxd4 d6 6. Nf3 e6 7. Bc4 Nc6 8. O-O
Be7 9. exd6 Bxd6 10. Bxd5 exd5 11. Re1+ Ne7 12. Nc3 O-O 13. Bd2 Bd7 14. Qb3 Bc6
15. Nb5 Bxb5 16. Qxb5 b6 17. Rac1 a6 18. Qd3 Qd7 19. Rc2 Qb7 20. Rec1 Rac8 21.
Rxc8 Rxc8 1/2-1/2

[Event "DEM U14w 2012"]
[Site "Oberhof GER"]
[Date "2012.06.02"]
[Round "9"]
[White "Srokovskiy, Andrea"]
[Black "Heinemann, Josefine"]
[Result "0-1"]
[Termination "normal"]
[Board "5"]
[WhiteElo "1767"]
[BlackElo "1853"]
[PlyCount "76"]
[WhiteFideId "4624947"]
[BlackFideId "12900460"]
[EventCountry "GER"]
[EventRounds "9"]
[EventType "swiss"]
[EventDate "2012.05.26"]

1. d4 Nf6 2. Nf3 g6 3. e3 Bg7 4. b3 O-O 5. Bd3 d6 6. O-O Nbd7 7. Bb2 c5 8. c4
d5 9. Qc2 b6 10. Nbd2 Ba6 11. a4 Rc8 12. Bc3 cxd4 13. Nxd4 Ne5 14. Nb5 dxc4 15.
Bxc4 Nxc4 16. Nxc4 Bxb5 17. axb5 Qd7 18. Rfd1 Qxb5 19. Rxa7 Qh5 20. Qd3 b5 21.
Nb2 Rxc3 22. Qxc3 Ng4 23. Qc2 Qxh2+ 24. Kf1 Qh1+ 25. Ke2 Qxg2 26. Nd3 e5 27.
Kd2 e4 28. Qc6 Nxf2 29. Nf4 Qh2 30. Re1 Nd3+ 31. Re2 Ne5 32. Qxe4 Rd8+ 33. Nd5
Qh5 34. Ke1 Rxd5 35. Qxd5 Nf3+ 36. Qxf3 Qxf3 37. Rd7 Bc3+ 38. Kd1 Qf1+ 0-1

[Event "DEM U14w 2012"]
[Site "Oberhof GER"]
[Date "2012.06.02"]
[Round "9"]
[White "Döpper, Anna Berenice"]
[Black "Koch, Elisabeth"]
[Result "1/2-1/2"]
[Termination "normal"]
[Board "7"]
[WhiteElo "1419"]
[BlackElo "1739"]
[PlyCount "79"]
[WhiteFideId "1271853"]
[BlackFideId "24695068"]
[EventCountry "GER"]
[EventRounds "9"]
[EventType "swiss"]
[EventDate "2012.05.26"]

1. e4 e5 2. d4 exd4 3. Nf3 Nc6 4. Bc4 Nf6 5. O-O Nxe4 6. Re1 d5 7. Bxd5 Qxd5 8.
Nc3 Qa5 9. Nxe4 Be6 10. Neg5 O-O-O 11. Nxe6 fxe6 12. Rxe6 h6 13. Qe2 Bd6 14.
Bd2 Qh5 15. a3 Rhf8 16. h3 g5 17. Re1 Rg8 18. Rf6 Rde8 19. Re6 Rd8 20. Rf6 Kb8
21. Nxd4 Qe8 22. Qxe8 Rgxe8 23. Nxc6+ bxc6 24. Rxe8 Rxe8 25. Kf1 Rh8 26. Bc3
Rh7 27. Rg6 Bf4 28. Rxc6 h5 29. Rg6 Rd7 30. g3 Bc1 31. Ke2 Kb7 32. Re6 h4 33.
Re4 hxg3 34. fxg3 Kb6 35. Bd4+ c5 36. Bc3 Kb5 37. Kf2 Bd2 38. Bxd2 Rxd2+ 39.
Re2 Rd5 40. Ke1 1/2-1/2

[Event "DEM U14w 2012"]
[Site "Oberhof GER"]
[Date "2012.06.02"]
[Round "9"]
[White "Sherif, Amina"]
[Black "Weber, Sandra"]
[Result "1/2-1/2"]
[Termination "normal"]
[Board "8"]
[WhiteElo "1574"]
[BlackElo "1617"]
[PlyCount "66"]
[WhiteFideId "12911690"]
[BlackFideId "1270049"]
[EventCountry "GER"]
[EventRounds "9"]
[EventType "swiss"]
[EventDate "2012.05.26"]

1. e4 c5 2. Nc3 Nc6 3. f4 g6 4. Nf3 Bg7 5. Bb5 Nd4 6. O-O Nxb5 7. Nxb5 d5 8. e5
d4 9. c3 a6 10. Na3 Nh6 11. cxd4 cxd4 12. Qa4+ Bd7 13. Qxd4 O-O 14. Rd1 Qc7 15.
Qc3 Bc6 16. d4 Rfd8 17. Be3 Rac8 18. Rac1 Qd7 19. Qe1 Bxf3 20. Rxc8 Rxc8 21.
gxf3 Qd5 22. Qf2 Qxa2 23. d5 Rd8 24. Qd2 Qb3 25. Bc5 Nf5 26. d6 exd6 27. exd6
Qxf3 28. d7 Qg4+ 29. Kf1 Qf3+ 30. Kg1 Qg4+ 31. Kf1 Qf3+ 32. Kg1 Qg4+ 33. Kf1
Qf3+ 1/2-1/2

[Event "DEM U14w 2012"]
[Site "Oberhof GER"]
[Date "2012.06.02"]
[Round "9"]
[White "Rosmait, Emily"]
[Black "Lemke, Berfîn"]
[Result "1-0"]
[Termination "normal"]
[Board "9"]
[WhiteElo "1628"]
[BlackElo "1530"]
[PlyCount "217"]
[WhiteFideId "12937754"]
[BlackFideId "1270578"]
[EventCountry "GER"]
[EventRounds "9"]
[EventType "swiss"]
[EventDate "2012.05.26"]

1. e4 c5 2. Nc3 d6 3. g3 g6 4. Bg2 Bg7 5. d3 Nc6 6. f4 e6 7. Nge2 Nge7 8. O-O
O-O 9. Be3 f5 10. Qd2 b6 11. Rae1 d5 12. exd5 exd5 13. d4 c4 14. Kh1 Bb7 15.
Ng1 Rc8 16. Nf3 Nb8 17. Bf2 Nd7 18. Ng5 Rf6 19. Ne6 Rxe6 20. Rxe6 Nf6 21. Ree1
Ne4 22. Qe3 Nc6 23. Nxe4 fxe4 24. c3 Qf6 25. Bh3 Rf8 26. Bg1 Bh6 27. Qe2 Ne7
28. Be3 Bg7 29. Rf2 Bc8 30. Bxc8 Rxc8 31. Rc1 Nf5 32. b3 b5 33. Qd2 a6 34. Rff1
Qd8 35. b4 Qd7 36. Rfe1 Nd6 37. Ra1 Qg4 38. Qf2 Nf5 39. Qg2 Nd6 40. a4 Qd7 41.
axb5 Nxb5 42. Qd2 Rc6 43. Ra4 Rb6 44. Rea1 Qb7 45. Qb2 Bf6 46. Kg2 h5 47. Qd2
Qc8 48. h3 Kg7 49. Kh2 Be7 50. Qe1 Bf6 51. Bd2 Qe6 52. Qe3 Kf7 53. Rg1 Rb8 54.
Rga1 Rb6 55. R4a2 Qc8 56. Rg1 Qh8 57. h4 Nd6 58. Ra5 Nb5 59. Rf1 Qc8 60. Qe2
Qf5 61. Rfa1 Nc7 62. Rg1 Rb8 63. Be3 Be7 64. Rb1 Qe6 65. Qc2 Nb5 66. Ra2 Bf6
67. Qc1 Rb6 68. Bd2 Qg4 69. Qe1 Qe6 70. Be3 Qg4 71. Rc1 Qe6 72. Qe2 Qf5 73. Qg2
Qe6 74. Qh3 Be7 75. Qxe6+ Kxe6 76. Kh3 Kf5 77. Rg2 Rb8 78. Bd2 Ra8 79. Rcg1 a5
80. bxa5 Rxa5 81. g4+ hxg4+ 82. Rxg4 Ra6 83. R4g3 Ra2 84. R1g2 Ra6 85. Rg1 Rc6
86. Ra1 Rb6 87. Ra5 Nc7 88. Ra7 Rc6 89. Rg1 Bf6 90. Rb1 Ne6 91. Ra5 Rd6 92. Kg3
Bd8 93. Rab5 Bf6 94. Rh1 Ng7 95. Rg1 Nh5+ 96. Kh3 Be7 97. Rf1 Bf6 98. Be3 Be7
99. Rb2 Ra6 100. Rg2 Ra3 101. Rc2 Bd6 102. Rg1 Bxf4 103. Rf1 g5 104. hxg5 Kxg5
105. Rg2+ Kf5 106. Kh4 Ra8 107. Rg5+ Ke6 108. Bxf4 Nxf4 109. Rxf4 1-0

[Event "DEM U14w 2012"]
[Site "Oberhof GER"]
[Date "2012.06.02"]
[Round "9"]
[White "Wetzler, Sophia"]
[Black "Schneider, Sabrina"]
[Result "0-1"]
[Termination "normal"]
[Board "10"]
[WhiteElo "1297"]
[BlackElo "1237"]
[PlyCount "114"]
[WhiteFideId "12951960"]
[BlackFideId "12951986"]
[EventCountry "GER"]
[EventRounds "9"]
[EventType "swiss"]
[EventDate "2012.05.26"]

1. e4 c6 2. d4 d5 3. exd5 cxd5 4. Bf4 Nc6 5. Nc3 a6 6. Nf3 Bg4 7. Be2 Nf6 8.
O-O e6 9. Re1 Bd6 10. Ne5 Bxe2 11. Nxe2 O-O 12. Ng3 Rc8 13. c3 b5 14. Bg5 Be7
15. Qf3 h6 16. Bxf6 Bxf6 17. Nh5 Bxe5 18. dxe5 Qg5 19. Qe2 Rfd8 20. Rad1 d4 21.
Rd3 g6 22. Nf6+ Kg7 23. cxd4 Rxd4 24. Qc2 Rxd3 25. Qxd3 Nxe5 26. Qe4 Qxf6 27.
f4 Nc4 28. b3 Nd6 29. Qe3 Nf5 30. Qa7 Qd4+ 31. Qxd4+ Nxd4 32. Rd1 Nc6 33. Rd2
h5 34. a3 Kf6 35. Rd6 Ke7 36. Rd3 Rd8 37. Rc3 Rd6 38. Kf2 e5 39. Re3 Re6 40.
fxe5 Rxe5 41. Rc3 Kd6 42. Rd3+ Rd5 43. Ke2 Rxd3 44. Kxd3 Kd5 45. h3 f5 46. b4
g5 47. Kc3 Ke4 48. Kd2 g4 49. hxg4 hxg4 50. Ke2 f4 51. Kf2 f3 52. gxf3+ gxf3
53. Kf1 Ke3 54. Ke1 f2+ 55. Kf1 Nd4 56. a4 bxa4 57. b5 axb5 0-1

[Event "DEM U14w 2012"]
[Site "Oberhof GER"]
[Date "2012.06.02"]
[Round "9"]
[White "Holschuh, Luisa"]
[Black "Klinge, Alexandra"]
[Result "1-0"]
[Termination "normal"]
[Board "12"]
[WhiteElo "1289"]
[BlackElo "1303"]
[PlyCount "69"]
[WhiteFideId "12951978"]
[EventCountry "GER"]
[EventRounds "9"]
[EventType "swiss"]
[EventDate "2012.05.26"]

1. e4 c5 2. d4 cxd4 3. c3 Nf6 4. e5 Nd5 5. cxd4 Nc6 6. Bc4 Nb6 7. Bb3 g6 8. Nf3
Bg7 9. a4 a5 10. Nc3 d6 11. Bf4 dxe5 12. Nxe5 Qxd4 13. Bxf7+ Kf8 14. Qxd4 Nxd4
15. O-O Bd7 16. Rad1 Be6 17. Bxg6 hxg6 18. Rxd4 Rh5 19. Re1 Bf6 20. Nxg6+ Kf7
21. Rd2 Re8 22. Bg3 Bb3 23. Ne5+ Kg7 24. Nd7 Nxa4 25. Nxf6 Kxf6 26. Nxa4 Bxa4
27. Re4 Bc6 28. Rf4+ Kg6 29. Bh4 Rc5 30. f3 Rb5 31. Re2 e6 32. Rf6+ Kh5 33. g3
Bd7 34. Kg2 Rf5 35. g4+ 1-0

[Event "DEM U14w 2012"]
[Site "Oberhof GER"]
[Date "2012.06.02"]
[Round "9"]
[White "Morio, Estelle"]
[Black "Eltze, Marlen"]
[Result "0-1"]
[Termination "normal"]
[Board "13"]
[WhiteElo "1355"]
[BlackElo "1183"]
[PlyCount "86"]
[WhiteFideId "12951951"]
[EventCountry "GER"]
[EventRounds "9"]
[EventType "swiss"]
[EventDate "2012.05.26"]

1. e4 e5 2. Nc3 Nf6 3. g3 Nc6 4. Bg2 Bc5 5. Nge2 O-O 6. O-O d6 7. h3 Be6 8. Kh2
Qd7 9. d3 d5 10. exd5 Nxd5 11. Ne4 Bb6 12. Qd2 Nd4 13. N2c3 Bxh3 14. Nxd5 Bxg2
15. Ndf6+ gxf6 16. Nxf6+ Kh8 17. Nxd7 Nf3+ 18. Kxg2 Nxd2 19. Bxd2 Rfe8 20. Rh1
Re6 21. Bc3 Bd4 22. Bxd4 exd4 23. Nc5 Rb6 24. Nb3 Rd8 25. Rae1 Rc6 26. Na1 Kg7
27. Re7 Kf6 28. Re4 Kg6 29. Rg4+ Kf5 30. Rg7 Kf6 31. Rgxh7 Ke7 32. Re1+ Kf6 33.
Rh6+ Kg7 34. Rxc6 bxc6 35. Re7 Rc8 36. Nb3 Kf6 37. Re4 Rb8 38. Rxd4 Ke6 39. f4
f5 40. Nc5+ Ke7 41. b3 Rc8 42. Kh3 Kf6 43. Kh4 Rh8# 0-1

[Event "DEM U12 2012"]
[Site "Oberhof GER"]
[Date "2012.05.27"]
[Round "1"]
[White "Vogel, Roven"]
[Black "Sanati, Charlotte"]
[Result "1-0"]
[Termination "normal"]
[Board "1"]
[WhiteElo "1944"]
[BlackElo "1644"]
[PlyCount "73"]
[WhiteFideId "12908088"]
[BlackFideId "12907707"]
[EventCountry "GER"]
[EventRounds "11"]
[EventType "swiss"]
[EventDate "2012.05.26"]

1. d4 d5 2. c4 c6 3. Nf3 Nf6 4. Nbd2 e6 5. g3 Nbd7 6. Bg2 Be7 7. O-O O-O 8. a3
a6 9. Qc2 b5 10. c5 Bb7 11. b4 a5 12. Bb2 a4 13. Ne1 h6 14. Nd3 Qc7 15. Rae1
Rfe8 16. f3 Rad8 17. e4 Nf8 18. e5 N6d7 19. f4 Ng6 20. Bh3 Ndf8 21. Nf3 Bc8 22.
Qf2 f5 23. exf6 Bxf6 24. Bc1 Qf7 25. g4 Nh7 26. Qg3 Qc7 27. Nde5 Nxe5 28. dxe5
Be7 29. Nd4 Nf8 30. Kh1 Kh8 31. g5 h5 32. g6 Bd7 33. Qf3 Kg8 34. Qxh5 Qc8 35.
f5 exf5 36. Bxf5 Bxf5 37. Rxf5 1-0

[Event "DEM U12 2012"]
[Site "Oberhof GER"]
[Date "2012.05.27"]
[Round "1"]
[White "Diener, Carolin Valeria"]
[Black "Schröder, Kevin"]
[Result "0-1"]
[Termination "normal"]
[Board "2"]
[WhiteElo "1745"]
[BlackElo "2036"]
[PlyCount "81"]
[WhiteFideId "24699063"]
[BlackFideId "12929840"]
[EventCountry "GER"]
[EventRounds "11"]
[EventType "swiss"]
[EventDate "2012.05.26"]

1. e4 c5 2. Nc3 a6 3. f4 b5 4. a3 Bb7 5. d3 e6 6. Nf3 d5 7. exd5 exd5 8. Be2 d4
9. Ne4 Nf6 10. Ng3 Bd6 11. O-O O-O 12. Ng5 Nd5 13. N5e4 f5 14. Nxd6 Qxd6 15.
Bf3 Nd7 16. Bd2 Rae8 17. Re1 c4 18. Rxe8 Rxe8 19. Nxf5 Qf6 20. Ng3 c3 21. Ne4
Qb6 22. Bc1 Ne3 23. Qe2 Bxe4 24. Bxe4 cxb2 25. Bxb2 Nf6 26. c3 dxc3 27. Bxc3
Nxe4 28. dxe4 Nd5+ 29. Qf2 Qxf2+ 30. Kxf2 Nxc3 31. e5 a5 32. Rc1 Rc8 33. Ke1 b4
34. axb4 axb4 35. Rc2 b3 36. Rb2 Rb8 37. Kd2 Na4 38. Rb1 b2 39. g4 Rb4 40. Ke3
Nc3 41. Ra1 0-1

[Event "DEM U12 2012"]
[Site "Oberhof GER"]
[Date "2012.05.27"]
[Round "1"]
[White "Lagunow, Raphael"]
[Black "Denkert, Anna"]
[Result "1/2-1/2"]
[Termination "normal"]
[Board "3"]
[WhiteElo "1860"]
[BlackElo "1519"]
[PlyCount "129"]
[WhiteFideId "24652644"]
[BlackFideId "12938122"]
[EventCountry "GER"]
[EventRounds "11"]
[EventType "swiss"]
[EventDate "2012.05.26"]

1. e4 e6 2. d4 d5 3. Nd2 dxe4 4. Nxe4 Bd7 5. Bd3 Bc6 6. Nf3 Nd7 7. O-O Be7 8.
c3 Bxe4 9. Bxe4 c6 10. Ne5 Ngf6 11. Bd3 O-O 12. f4 Qc7 13. Nxd7 Qxd7 14. f5
Rad8 15. fxe6 Qxe6 16. Re1 Qd7 17. Qc2 Rfe8 18. Bf4 c5 19. Be5 cxd4 20. Bxd4
Kh8 21. Rad1 Qc7 22. Be5 Bc5+ 23. Bd4 Rxe1+ 24. Rxe1 Bxd4+ 25. cxd4 Qxc2 26.
Bxc2 Rxd4 27. Bb3 Kg8 28. Re7 Rd7 29. Bxf7+ Kf8 30. Rxd7 Nxd7 31. Bd5 b6 32.
Kf2 Nf6 33. Bf3 Ke7 34. Ke3 Ke6 35. Kd4 Kd6 36. b4 g5 37. a4 g4 38. Be2 h5 39.
Bc4 h4 40. Be2 g3 41. hxg3 hxg3 42. Bf3 a5 43. bxa5 bxa5 44. Kc4 Nd7 45. Kb5
Ne5 46. Be4 Kc7 47. Kxa5 Nc4+ 48. Kb4 Nd6 49. Bd5 Kb6 50. a5+ Ka6 51. Be6 Ka7
52. Bg4 Ne4 53. Bf3 Nf2 54. Kb5 Nh1 55. Be2 Nf2 56. Kc5 Nh1 57. Kd4 Nf2 58. Ke5
Nh1 59. Kf4 Kb8 60. a6 Ka7 61. Bc4 Kb8 62. Bd5 Ka7 63. Bb7 Kb8 64. Ke5 Ka7 65.
Kf4 1/2-1/2

[Event "DEM U12 2012"]
[Site "Oberhof GER"]
[Date "2012.05.27"]
[Round "1"]
[White "Moses, Selina"]
[Black "Kitze, Alexander"]
[Result "0-1"]
[Termination "normal"]
[Board "4"]
[WhiteElo "1677"]
[BlackElo "1811"]
[PlyCount "64"]
[WhiteFideId "12908070"]
[BlackFideId "12914827"]
[EventCountry "GER"]
[EventRounds "11"]
[EventType "swiss"]
[EventDate "2012.05.26"]

1. e4 c5 2. Nf3 d6 3. d4 cxd4 4. Nxd4 Nf6 5. Nc3 a6 6. Bg5 e6 7. f4 Be7 8. Qf3
Qc7 9. O-O-O Nbd7 10. Bd3 h6 11. Bxf6 Bxf6 12. Nde2 Nc5 13. f5 Bd7 14. g4 O-O-O
15. a3 Kb8 16. h4 Rc8 17. Qe3 Na4 18. Nxa4 Bxa4 19. Qd2 a5 20. Rdf1 Qb6 21. c3
Rc7 22. Bc2 Bxc2 23. Qxc2 Rhc8 24. Rf3 d5 25. exd5 exd5 26. Nf4 d4 27. Nd5 Qc6
28. c4 Qxd5 29. Qd3 Qxc4+ 30. Qxc4 Rxc4+ 31. Kb1 Rc2 32. Rb3 d3 0-1

[Event "DEM U12 2012"]
[Site "Oberhof GER"]
[Date "2012.05.27"]
[Round "1"]
[White "Schmidek, Emil"]
[Black "Sauer, Annika"]
[Result "1-0"]
[Termination "normal"]
[Board "5"]
[WhiteElo "1800"]
[BlackElo "1501"]
[PlyCount "61"]
[WhiteFideId "12908150"]
[BlackFideId "12952052"]
[EventCountry "GER"]
[EventRounds "11"]
[EventType "swiss"]
[EventDate "2012.05.26"]

1. e4 d5 2. exd5 Qxd5 3. Nc3 Qa5 4. d4 c6 5. Bc4 Bf5 6. Nge2 Nf6 7. O-O e6 8.
Ng3 Bg6 9. f4 Bd6 10. f5 Bxg3 11. fxg6 Bxh2+ 12. Kxh2 hxg6+ 13. Kg1 Nbd7 14.
Bf4 O-O-O 15. a3 c5 16. b4 Qb6 17. dxc5 Nxc5 18. Qf3 Na6+ 19. Qe3 Qxe3+ 20.
Bxe3 Kb8 21. Nb5 b6 22. Bf4+ Ka8 23. Nd6 Rd7 24. Bxa6 Nd5 25. Bb5 Re7 26. Bc6+
Kb8 27. Nxf7+ Nxf4 28. Nxh8 g5 29. g3 Ne2+ 30. Kg2 Kc7 31. Ng6 1-0

[Event "DEM U12 2012"]
[Site "Oberhof GER"]
[Date "2012.05.27"]
[Round "1"]
[White "Hesse, Henrik"]
[Black "Ovsepyan, Arshak"]
[Result "0-1"]
[Termination "normal"]
[Board "6"]
[WhiteElo "1489"]
[BlackElo "1951"]
[PlyCount "62"]
[WhiteFideId "12952060"]
[BlackFideId "24690236"]
[EventCountry "GER"]
[EventRounds "11"]
[EventType "swiss"]
[EventDate "2012.05.26"]

1. e4 e5 2. Nf3 Nc6 3. Bc4 Nf6 4. d3 Bc5 5. Bg5 d6 6. c3 O-O 7. O-O Bg4 8. Nbd2
a6 9. b4 Ba7 10. Qb3 Nb8 11. a4 h6 12. Bh4 c6 13. Bxf6 Qxf6 14. b5 axb5 15.
axb5 Nd7 16. b6 Bxb6 17. d4 Rxa1 18. Rxa1 exd4 19. cxd4 Bxd4 20. Nxd4 Qxd4 21.
Ra2 b5 22. Bxf7+ Rxf7 23. Ra8+ Nf8 24. Nf3 Qxe4 25. h3 Bxf3 26. gxf3 Qxf3 27.
Qa2 d5 28. Qd2 Rf5 29. Qd4 Qxh3 30. f4 Qg3+ 31. Kf1 Rxf4+ 0-1

[Event "DEM U12 2012"]
[Site "Oberhof GER"]
[Date "2012.05.27"]
[Round "1"]
[White "Dürr, Florian"]
[Black "Ott, Josef Sebastian"]
[Result "1-0"]
[Termination "normal"]
[Board "7"]
[WhiteElo "1934"]
[BlackElo "1478"]
[PlyCount "55"]
[WhiteFideId "24659134"]
[BlackFideId "12952079"]
[EventCountry "GER"]
[EventRounds "11"]
[EventType "swiss"]
[EventDate "2012.05.26"]

1. e4 e5 2. Nf3 Nc6 3. Bb5 a6 4. Ba4 Nge7 5. O-O g6 6. c3 b5 7. Bc2 Bg7 8. Re1
O-O 9. d4 exd4 10. cxd4 Nb4 11. Bb3 a5 12. a3 Nbc6 13. Nc3 Ba6 14. Bf4 b4 15.
Nd5 Nxd5 16. exd5 Nb8 17. d6 c5 18. Bd5 Nc6 19. axb4 axb4 20. Bg5 Qb6 21. Be7
Rfc8 22. dxc5 Qxc5 23. Rc1 Qb6 24. Bxf7+ Kh8 25. Bd5 Bxb2 26. Ne5 Bxe5 27. Rxe5
h6 28. Rxc6 1-0

[Event "DEM U12 2012"]
[Site "Oberhof GER"]
[Date "2012.05.27"]
[Round "1"]
[White "Wiesner, Alexander"]
[Black "Greßmann, Moritz"]
[Result "1-0"]
[Termination "normal"]
[Board "8"]
[WhiteElo "1474"]
[BlackElo "1821"]
[PlyCount "79"]
[WhiteFideId "12943991"]
[BlackFideId "24695084"]
[EventCountry "GER"]
[EventRounds "11"]
[EventType "swiss"]
[EventDate "2012.05.26"]

1. e4 e5 2. Nf3 Nc6 3. d4 exd4 4. Nxd4 Bc5 5. Be3 Qf6 6. c3 Nge7 7. Bc4 Ne5 8.
Be2 Qg6 9. O-O d6 10. Kh1 O-O 11. f4 Ng4 12. Bd2 Bxd4 13. f5 Qf6 14. cxd4 Nh6
15. Be3 Nc6 16. Qd2 Qh4 17. Rf4 Qf6 18. Nc3 Kh8 19. Nd5 Qd8 20. f6 Be6 21.
fxg7+ Kxg7 22. Nf6 Ne7 23. h3 Ng6 24. Rf3 Ng8 25. Nxg8 Kxg8 26. d5 Bd7 27. Bd4
Qh4 28. Bf6 Qxf6 29. Rxf6 Kg7 30. Rff1 Rae8 31. Bd3 c6 32. dxc6 Bxc6 33. Rae1
Ne5 34. Qg5+ Kh8 35. Qf6+ Kg8 36. Bc2 Re6 37. Qg5+ Rg6 38. Qd2 Kh8 39. Rf2 Rfg8
40. g4 1-0

[Event "DEM U12 2012"]
[Site "Oberhof GER"]
[Date "2012.05.27"]
[Round "1"]
[White "Baberz, Alexander"]
[Black "Reimers, Kim"]
[Result "1-0"]
[Termination "normal"]
[Board "9"]
[WhiteElo "1815"]
[BlackElo "1473"]
[PlyCount "115"]
[WhiteFideId "12921734"]
[BlackFideId "12930377"]
[EventCountry "GER"]
[EventRounds "11"]
[EventType "swiss"]
[EventDate "2012.05.26"]

1. d4 g6 2. c4 Bg7 3. e4 c5 4. d5 e5 5. Be3 d6 6. g3 Nd7 7. Bg2 Ne7 8. Qd2 O-O
9. Nc3 f5 10. f3 Rf7 11. Nh3 Nb6 12. b3 Qf8 13. Bf2 a6 14. Rf1 h6 15. Qe2 Nd7
16. a3 Nf6 17. b4 b6 18. bxc5 bxc5 19. Rb1 fxe4 20. fxe4 Bg4 21. Qd3 Nc8 22.
Na4 Bd7 23. Nb6 Nxb6 24. Rxb6 Ng4 25. Bg1 Rxf1+ 26. Bxf1 Nf6 27. Nf2 Bc8 28.
Be2 Nd7 29. Rb3 Rb8 30. Rxb8 Nxb8 31. Qb3 Nd7 32. Bg4 Qd8 33. Be6+ Kf8 34. Kd2
Qb6 35. Qxb6 Nxb6 36. Bxc8 Nxc8 37. Kc3 Ke7 38. Nd3 Kf6 39. Be3 g5 40. Kb3 Bf8
41. Nb2 Nb6 42. Bd2 Kg6 43. Ba5 Nd7 44. Ka4 Nf6 45. Be1 Nxe4 46. Ka5 Kf5 47. h3
Nf6 48. Kxa6 Be7 49. Kb7 g4 50. h4 e4 51. Nd1 Bd8 52. Ne3+ Kg6 53. Kc6 Kf7 54.
Kxd6 Ne8+ 55. Kxc5 Be7+ 56. Kd4 Bxa3 57. Kxe4 Nd6+ 58. Kd4 1-0

[Event "DEM U12 2012"]
[Site "Oberhof GER"]
[Date "2012.05.27"]
[Round "1"]
[White "Köhler, Inken"]
[Black "Höglauer, Patrick"]
[Result "0-1"]
[Termination "normal"]
[Board "10"]
[WhiteElo "1459"]
[BlackElo "1847"]
[PlyCount "90"]
[WhiteFideId "12929301"]
[BlackFideId "1270548"]
[EventCountry "GER"]
[EventRounds "11"]
[EventType "swiss"]
[EventDate "2012.05.26"]

1. e4 c5 2. Nf3 e6 3. d4 cxd4 4. c3 dxc3 5. Nxc3 Nc6 6. Bc4 a6 7. O-O d6 8. Re1
Be7 9. Be3 Nf6 10. Qd2 O-O 11. Rad1 b5 12. Bb3 Na5 13. Bc2 Nc4 14. Qc1 Qc7 15.
Bg5 Bb7 16. b3 Nb6 17. Qe3 Ng4 18. Qf4 Bxg5 19. Nxg5 Qxc3 20. Qxg4 Qxc2 21.
Rxd6 Qc7 22. Nxe6 fxe6 23. Qxe6+ Qf7 24. Qxf7+ Rxf7 25. Rxb6 Rd8 26. e5 Re7 27.
f4 Rd2 28. g3 Rg2+ 29. Kf1 Rxh2 30. e6 Rh1+ 31. Kf2 Rxe1 32. Kxe1 g6 33. Kd2
Kg7 34. Ke3 Bc8 35. Kd4 Rxe6 36. Rb8 Rc6 37. a3 Kf6 38. b4 Kf5 39. Ra8 Kg4 40.
Ra7 h5 41. Rf7 Kxg3 42. Rf8 Bf5 43. Ra8 Kxf4 44. Kd5 Be4+ 45. Kd4 Rc4# 0-1

[Event "DEM U12 2012"]
[Site "Oberhof GER"]
[Date "2012.05.27"]
[Round "1"]
[White "Gungl, Theo"]
[Black "Vuckovic, Zarko"]
[Result "1-0"]
[Termination "normal"]
[Board "11"]
[WhiteElo "1818"]
[BlackElo "1458"]
[PlyCount "87"]
[WhiteFideId "24695653"]
[BlackFideId "12952087"]
[EventCountry "GER"]
[EventRounds "11"]
[EventType "swiss"]
[EventDate "2012.05.26"]

1. e4 c5 2. Nf3 e6 3. d4 cxd4 4. Nxd4 a6 5. Nc3 Qc7 6. Bd3 b5 7. O-O Bb7 8. a4
b4 9. Na2 Nf6 10. Qe2 Be7 11. Bd2 Qb6 12. Nb3 O-O 13. a5 Qc7 14. Nxb4 Rc8 15.
Kh1 Bxb4 16. Bxb4 Nc6 17. Bc3 Ne5 18. f4 Nxd3 19. cxd3 Ne8 20. Rac1 Qb8 21. Nd2
d5 22. Be5 Qa7 23. f5 f6 24. Bg3 e5 25. Bf2 Rxc1 26. Bxa7 Rxf1+ 27. Nxf1 Rxa7
28. Qc2 dxe4 29. dxe4 Kh8 30. Nd2 Ra8 31. Qb3 Nd6 32. Qb6 Rc8 33. h3 Bc6 34.
Qxa6 Kg8 35. Nc4 Bb5 36. Qxd6 Bxc4 37. a6 Kh8 38. a7 Bb5 39. Qb8 Bd7 40. a8=Q
Kg8 41. Qb3+ Kf8 42. Qaa3+ Rc5 43. Qxc5+ Ke8 44. Qg8# 1-0

[Event "DEM U12 2012"]
[Site "Oberhof GER"]
[Date "2012.05.27"]
[Round "1"]
[White "Junk, Phillip"]
[Black "Sieber, Fiona"]
[Result "1/2-1/2"]
[Termination "normal"]
[Board "12"]
[WhiteElo "1443"]
[BlackElo "1771"]
[PlyCount "58"]
[WhiteFideId "12952095"]
[BlackFideId "12902373"]
[EventCountry "GER"]
[EventRounds "11"]
[EventType "swiss"]
[EventDate "2012.05.26"]

1. e4 c5 2. Nf3 d6 3. d4 cxd4 4. Nxd4 Nf6 5. Nc3 Nc6 6. Be3 Ng4 7. Qd2 Nxe3 8.
Qxe3 g6 9. Bb5 Bd7 10. O-O Bg7 11. Nxc6 bxc6 12. Be2 O-O 13. Rfd1 Qa5 14. Rd3
Rab8 15. b3 Bc8 16. Rad1 Ba6 17. Qxa7 Rb7 18. Qe3 Bxd3 19. Rxd3 c5 20. Qf3 Ra7
21. Na4 Qe1+ 22. Bf1 Bd4 23. c3 Rxa4 24. bxa4 Rb8 25. Rd1 Bxf2+ 26. Kh1 Qe3 27.
Qxe3 Bxe3 28. Bb5 c4 29. Rf1 Rc8 1/2-1/2

[Event "DEM U12 2012"]
[Site "Oberhof GER"]
[Date "2012.05.27"]
[Round "1"]
[White "Graf, Clara Victoria"]
[Black "Simon, Tessa"]
[Result "0-1"]
[Termination "time forfeit"]
[Board "13"]
[WhiteElo "1727"]
[BlackElo "1438"]
[PlyCount "67"]
[WhiteFideId "1270339"]
[BlackFideId "12929395"]
[EventCountry "GER"]
[EventRounds "11"]
[EventType "swiss"]
[EventDate "2012.05.26"]

1. e4 c5 2. Nf3 Nc6 3. Bb5 a6 4. Bxc6 bxc6 5. O-O d5 6. e5 Bg4 7. h3 Bh5 8. Re1
e6 9. b3 Ne7 10. Ba3 Bxf3 11. Qxf3 Nf5 12. c3 Be7 13. Qf4 O-O 14. Qa4 Qb6 15.
Rc1 Qb5 16. Qf4 a5 17. g4 Nh4 18. d4 h6 19. Qe3 Ng6 20. c4 cxd4 21. Qxd4 Qb7
22. Bxe7 Nxe7 23. c5 Ng6 24. f4 Qd7 25. Nc3 Rfb8 26. Na4 Rb4 27. Qd2 Qe7 28.
Nb6 Rb8 29. Rc3 Rxf4 30. Re1 Qg5 31. Rce3 Nh4 32. Qe2 h5 33. Rg3 hxg4 34. Rxg4
0-1